000
00323nam a22001457a 4500
003
SGT
020
_a
-85623-122-7
082
_a
604.2
_b
A97M
100
_a
MEHTA, SUBHASH
245
_a
AUTO CAD RELEASE 13 FOR DOS & WINDOWS
260
_a
NEW DELHI
_b
WINDOWS
_c
1997
300
_a
208
650
_a
PHARMACY
942
_2
ddc
_c
BK
999
_c
11230
_d
11230